Zubčatyje i červjačnyje peredači : Nekotoryje voprosy geometrii, kinematiki, dinamiki, rasčeta i proizvodstva

Salvato in:
Dettagli Bibliografici
Natura: Libro
Lingua:russo
Pubblicazione: Leningrad : Mašinostrojenije, 1974
Soggetti:
Tags: Aggiungi Tag
Nessun Tag, puoi essere il primo ad aggiungerne!!

MARC

LEADER 00000nam a22000003a 4500
001 stu84656
005 20141121212312.0
008 040305s1974----xxr-----------------rus-d
040 |a STU  |b slo 
041 0 |a rus 
044 |a xxr 
080 |a 621.833  |7 stu_us_auth*stu3136 
245 |a Zubčatyje i červjačnyje peredači :  |b Nekotoryje voprosy geometrii, kinematiki, dinamiki, rasčeta i proizvodstva 
260 |a Leningrad :  |b Mašinostrojenije,  |c 1974 
300 |a 351 s 
650 7 |a Prevody ozubené  |2 stusub 
996 |b 284J016943  |c J*41748  |l JJSK  |s A  |a 24  |w stu84656_0001